मानव की कहानी : (Record no. 19215)

MARC details
000 -LEADER
fixed length control field 01341 a2200253 4500
005 - DATE AND TIME OF LATEST TRANSACTION
control field 20081127100832.0
008 - FIXED-LENGTH DATA ELEMENTS--GENERAL INFORMATION
fixed length control field 081127t xxu||||| |||| 00| 0 hin d
010 ## - LCCN (DPL NO)
LC control number HIN-85254
020 ## - INTERNATIONAL STANDARD BOOK NUMBER
Terms of availability 500.00
International Standard Book Number 8179010287
035 ## - SYSTEM CONTROL NUMBER
System control number HN-57600
040 ## - CATALOGING SOURCE
Original cataloging agency DPL
Language of cataloging HN
082 ## - DEWEY DECIMAL CLASSIFICATION NUMBER
Classification number 573.2
100 ## - MAIN ENTRY--PERSONAL NAME
Personal name कून, कार्लटन एस.
245 ## - TITLE STATEMENT
Title मानव की कहानी :
Remainder of title (प्रथम मानव से लेकर आदिम संस्कृति और उसके बाद तक ) /
Statement of responsibility, etc कार्लटन एस.कून एवं विराज द्वारा अनुदित
246 ## - VARYING FORM OF TITLE
Title proper/short title Maanava kii kahaanii
Remainder of title by Carlton S. Coon
260 ## - PUBLICATION, DISTRIBUTION, ETC. (IMPRINT)
Place of publication, distribution, etc नई दिल्ली
Name of publisher, distributor, etc सुयोग्य प्रकाशन
Date of publication, distribution, etc 2008
270 ## - ADDRESS
Address डब्लयू-112, ग्रेटर कैलाश-1
City नई दिल्ली
State or province नई दिल्ली
Postal code 110049
300 ## - PHYSICAL DESCRIPTION
Extent 454पृ.
Dimensions 22 सेमी (सजिल्द)
650 ## - SUBJECT ADDED ENTRY--TOPICAL TERM
Topical term or geographic name as entry element मानव विकास
650 ## - SUBJECT ADDED ENTRY--TOPICAL TERM
Topical term or geographic name as entry element Human evolution
700 ## - ADDED ENTRY--PERSONAL NAME
Personal name विराज
942 ## - ADDED ENTRY ELEMENTS (KOHA)
Institution code [OBSOLETE] dpl
Item type Hindi Books
Source of classification or shelving scheme Dewey Decimal Classification
Classification part 573.2
Call number suffix कूनका
Holdings
Withdrawn status Lost status Source of classification or shelving scheme Damaged status Not for loan Collection code Home library Current library Date acquired Cost, normal purchase price Total Checkouts Full call number Barcode Date last seen Copy number Cost, replacement price Koha item type
    Dewey Decimal Classification   Not For Loan Non-fiction D.B.Act.Division D.B.Act.Division 27/11/2008 500.00   573.2 कूनका HN-57600 27/11/2008 1 500.00 Hindi Books

© Delhi Public Library
Hit Counter
free hit counter